De Los Andes a los Apeninos: crónicas de viajes

Salvato in:
Dettagli Bibliografici
Autore principale: Kneer, Luisa (Autore)
Natura: Libro
Lingua:spagnolo
Pubblicazione: Santiago s. n 1956
Edizione:1a. ed
Soggetti:
Tags: Aggiungi Tag
Nessun Tag, puoi essere il primo ad aggiungerne!!

MARC

LEADER 00000nam a2200000 a 4500
001 UCJ5954
003 CL-VaPUC
008 070124e19560000CL |||||||||||||||||spa|d
082 0 4 |a 910.4  |b KNE  |2 21 
100 0 |a Kneer, Luisa  |e author  |9 511966 
245 1 0 |a De Los Andes a los Apeninos: crónicas de viajes 
250 |a 1a. ed 
300 |a 116 p 
942 |c BK 
945 |d 20070124 00:00:00  |a rinostro 
260 |a Santiago  |b s. n  |c 1956 
500 |a Reproducciones de fotografías de regular resolución 
650 0 |a Viajes  |9 257115 
650 0 |a Museos  |9 269209 
650 7 |a CALLES Y PASEOS  |2 CL-VaPUC  |9 329702 
650 0 |a Ilustraciones  |9 369481 
651 0 |a Argentina  |9 254888 
651 0 |a Brasil  |9 267393 
651 0 |a Uruguay  |9 255194 
651 0 |a España  |9 254926 
651 0 |a Italia  |9 254949 
583 |a last modification  |c 20070124 00:00:00  |k Rodrigo Vera 
999 |c 322062  |d 322060 
952 |0 0  |1 0  |4 0  |6 910_400000000000000_KNE_1956  |7 0  |8 X  |9 400974  |a FDOBUD  |b FDOBUD  |d 2019-11-22  |i 1041843  |o 910.4 KNE 1956  |p 1041843  |r 2019-11-22  |w 2019-11-22  |y BK_X  |k BUD